| 000 | 01100nam a2200277 a 4500 | ||
|---|---|---|---|
| 005 | 20160201110126.0 | ||
| 008 | 970827s1994 ck ab b 000 0 spa d | ||
| 020 | _a9589205003 | ||
| 040 |
_aCAW _cCAW _dDLC _dCO-BoIAVH |
||
| 041 | 0 | _aspa | |
| 044 | _ack | ||
| 082 | 0 | 4 |
_a595.38 _bR67d |
| 100 | 2 | _aRocha Campos, Martha. | |
| 245 | 1 | 0 |
_aDiversidad en Colombia de los cangrejos del género Neostrengeria / _cMartha Rocha Campos. |
| 250 | _a1a edición | ||
| 260 |
_aSantafé de Bogotá, D.C. (Colombia) : _bAcademia Colombiana de Ciencias Exactas, Físicas y Naturales, _c1994. |
||
| 300 |
_a143 páginas : _bilustraciones y mapas ; _c24 centímetros. |
||
| 490 | 0 |
_aColección Jorge Álvarez Lleras _v5 |
|
| 504 | _aIncluye referencias bibliográficas (páginas 140-143). | ||
| 650 | 0 |
_aNeostrengeria _zColombia _xUbicacición |
|
| 650 | 0 |
_aCrustaceos _yColombia |
|
| 650 | 4 |
_aCangrejos _yColombia |
|
| 650 | 4 |
_aCangrejos _xTerritorio _yColombia |
|
| 710 | 2 | _aAcademia Colombiana de Ciencias exactas, Fisicas, Quimicas, y Naturales. | |
| 942 |
_2ddc _cLIBRO |
||
| 999 |
_c3633 _d3633 |
||